000 02021cam a22004934i 4500
003 PE-LiUPU
005 20260203121842.0
008 150617s r 000 0 d
020 _a8430105387
035 _a(Sirsi) i9788430105380
040 _aPE-LiUPU
_bspa
_cPE-LiUPU
_erda
049 _aPRUA
082 0 4 _a232.97
_bL46
_221
100 1 _aLéon-Dufour, Xavier,
_eautor.
245 1 0 _aResurrección de Jesús y mensaje pascual /
_cXavier León-Dufour.
264 1 _aSalamanca :
_bEdiciones Sígueme,
_c1973.
300 _a399 páginas ;
_c22 centímetros
336 _atext
_2rdacontent
337 _aunmediated
_2rdamedia
338 _avolume
_2rdacarrier
490 0 _aBiblioteca de Estudios Bíblicos ;
_v1
504 _aIncluye bibliografía.
505 0 _aLas afirmaciones de la fe naciente: Dios ha resucitado a Jesús de entre los muertos. Jesús, Señor en la gloria. Cuando habla un testigo -- Los relatos del encuentro con Jesús el Señor: Los relatos de la aparición a Pablo. En el origen de los relatos de aparición. En el sepulcro de Jesús -- El mensaje pascual según los evangelistas: El mensaje pascual según san Marcos. El mensaje pascual según san Mateo. El mensaje pascual según san Lucas. El mensaje pascual según san Juan.
526 _aSEG42
526 _aSEG41
526 _aSEG40
526 _aSEG39
526 _aP94
526 _aP87
526 _aP86
526 _aP85
526 _aP77
526 _aP76
526 _aP35
650 0 4 _aRESURRECCION de Jesús.
650 0 0 _aSalvación
_9870
910 _ajck
_bjvq
_cjck
_d20150616
942 _2ddc
_cBOOK
949 _a232.97 L46
_wDEWEY
_c1
_i14230
_lCCODEBUL1
_mBUL
_r0
_sY
_tBOOK
_u2015-6-17
_xTEOLOGIA
_PP35
_0COMPRA
_o.STAFF. Colección General
994 _aC0
_bPEPRU
596 _a1
999 _a232.97 L46
_wDEWEY
_c3481
_i14230
_f2021-11-10
_g5
_lCCODEBUL1
_mBUL
_r0
_sY
_tBOOK
_u2015-6-17
_xTEOLOGIA
_PP35
_0COMPRA
_o.STAFF. Colección General
_d3481
980 _818226
_gJaime Vilcazán Jefe de Análisis Documental